The Wall Street Journal on management

Bibliographic Details
Other Authors: Asman, David (Editor), Meyerson, Adam (Editor)
Format: Book
Language:English
Published: Homewood, Illinois : Dow Jones-Irwin 1985
Subjects:

MARC

LEADER 00000cam a2200000 7i4500
001 0000000455
005 20240919.0
008 991124 ilu eng
020 |a 0870946854 
040 |a INS   |b eng   |e rda 
090 0 0 |a HD31   |b .W246 1985 
245 0 4 |a The Wall Street Journal on management   |c edited by David Asman and Adam Meyerson 
264 1 |a Homewood, Illinois :   |b Dow Jones-Irwin   |c 1985 
300 |a xii, 246p ;   |c 23cm. 
336 |a text  |2 rdacontent 
337 |a unmediated  |2 rdamedia 
338 |a volume  |2 rdacarrier 
504 |a Includes bibliographical references 
650 0 |a Management 
700 1 |a Asman, David ,   |e editor 
700 1 |a Meyerson, Adam ,   |e editor 
999 |a 0000003335   |b BOOK   |c Open Shelf   |e Default branch